Análisis de las propiedades físico-mecánicas, costos y rendimientos de los morteros preempacados para pega de bloques y repellos en Costa Rica
Uloženo v:
| Hlavní autor: | |
|---|---|
| Další autoři: | |
| Médium: | Kniha |
| Jazyk: | Spanish |
| Vydáno: |
2022.
San José, Costa Rica
|
| Témata: | |
| Tagy: |
Přidat tag
Žádné tagy, Buďte první, kdo vytvoří štítek k tomuto záznamu!
|
MARC
| LEADER | 00000nam a2200000Ia 4500 | ||
|---|---|---|---|
| 003 | 013679 | ||
| 005 | 20230713104519.0 | ||
| 008 | 140116s2022 cr a 000 ||spa d | ||
| 040 | |c cru CEDI | ||
| 100 | |a Benavides Sánchez, María Fernanda, 1994- |9 954 | ||
| 245 | |a Análisis de las propiedades físico-mecánicas, costos y rendimientos de los morteros preempacados para pega de bloques y repellos en Costa Rica | ||
| 260 | |c San José, Costa Rica |b 2022. | ||
| 500 | |a Proyecto de graduación (licenciatura en ingeniería civil)--Universidad de Costa Rica. Facultad de Ingeniería. Escuela de Ingeniería Civil | ||
| 501 | |a Director del proyecto de graduación: Ing. Alejandro Navas Carro, MSc. | ||
| 650 | |x ARGAMASA - PROPIEDADES MECANICAS |x TRABAJADORES DE LA CONSTRUCCION - COSTA RICA - ENCUESTAS |x ARGAMASA - ANALISIS |x ARGAMASA - PRUEBAS |x ARGAMASA - ANALISIS DE COSTOS | ||
| 700 | |9 142 |a Navas Carro, Alejandro, 1967- |d Director del TFG | ||
| 942 | |c CEDI |h TFG 8830 |6 TFG_8830_000000000000000 | ||
| 999 | |c 13312 |d 13312 | ||
